Manual de obstetricia / (Record no. 23651)

000 -CABECERA
fixed length control field 01691nam a22002897i 4500
003 - IDENTIFICADOR DEL NÚMERO DE CONTROL
control field AR-CdUCM
008 - DATOS DE LONGITUD FIJA--INFORMACIÓN GENERAL
fixed length control field 260428b 2022 do||| |||| 00| 0 spa d
020 ## - NÚMERO INTERNACIONAL ESTÁNDAR DEL LIBRO
ISBN 978-9972-46-703-5
040 ## - FUENTE DE LA CATALOGACIÓN
Agencia/entidad que catalogó originalmente la obra MUNICIPALIDAD PROVINCIAL DEL CUSCO
Entidad que transcribió la catalogación BIBLIOTECA MUNICIPAL DEL CUSCO
082 ## - NÚMERO DE LA CLASIFICACIÓN DECIMAL DEWEY
No. de la edición 7ª Ed.
No. de Clasificación 618.2
Notacion interna P13
100 ## - ENTRADA PRINCIPAL--NOMBRE DE PERSONA
Nombre Personal Pacheco Romero, José
245 ## - MENCIÓN DE TÍTULO
Título Manual de obstetricia /
260 ## - PUBLICACIÓN, DISTRIBUCIÓN, ETC.
Lugar de publicación, distribución, etc. Lima, Perú :
Nombre de la editorial, distribuidor, etc. Universidad Nacional Mayor de San Marcos
Fecha de publicación, distribución, etc. 2022
300 ## - DESCRIPCIÓN FÍSICA
Nº de Páginas Extensión 398 páginas. :
Dimensiones 17x24 cm.
500 ## - NOTA GENERAL
Bibliografía Bibliografía: páginas del 25 - 26, 38 - 39
505 ## - NOTA DE CONTENIDO CON FORMATO
Nota de contenido formateada Introducción a la obstetricia -- Anatomía y fisiología del aparato reproductor femenino -- Fecundación, implantación y desarrollo embrionario -- Cambios fisiológicos durante el embarazo -- Control prenatal y evaluación materna -- Nutrición en la gestante -- Diagnóstico del embarazo -- Complicaciones del embarazo temprano -- Hemorragias en el embarazo -- Trastornos hipertensivos del embarazo -- Diabetes gestacional -- Infecciones durante el embarazo -- Trabajo de parto: fases y mecanismos -- Atención del parto normal -- Parto complicado y distocias -- Cesárea: indicaciones y técnica -- Puerperio normal y patológico -- Atención del recién nacido -- Emergencias obstétricas -- Mortalidad materna y perinatal -- Planificación familiar y salud reproductiva
650 ## - PUNTO DE ACCESO ADICIONAL DE MATERIA--TÉRMINO DE MATERIA
Descriptor Obstetricia
9 (RLIN) 29543
650 ## - PUNTO DE ACCESO ADICIONAL DE MATERIA--TÉRMINO DE MATERIA
Descriptor Embarazo
9 (RLIN) 32421
650 ## - PUNTO DE ACCESO ADICIONAL DE MATERIA--TÉRMINO DE MATERIA
Descriptor Parto
9 (RLIN) 24974
650 ## - PUNTO DE ACCESO ADICIONAL DE MATERIA--TÉRMINO DE MATERIA
Descriptor Complicaciones del embarazo
9 (RLIN) 52763
650 ## - PUNTO DE ACCESO ADICIONAL DE MATERIA--TÉRMINO DE MATERIA
Descriptor Salud materna
9 (RLIN) 24973
650 ## - PUNTO DE ACCESO ADICIONAL DE MATERIA--TÉRMINO DE MATERIA
Descriptor Recién nacido
9 (RLIN) 52764
856 ## - LOCALIZACIÓN Y ACCESO ELECTRÓNICOS
Dirección electrónica fondoeditorial.unmsm.edu.pe
942 ## - ELEMENTOS DE PUNTO DE ACCESO ADICIONAL (KOHA)
Fuente de clasificación
Tipo de item Libros-BMC
945 ## - PROCESAMIENTO DE INFORMACIÓN LOCAL (OCLC)
Catalogador esh
AAAA-MM-DD - Fecha de ingreso o modificacion 28-04.2026
Holdings
Estado de retiro (separado) Fuente de clasificación o esquema de estanterías Estado dañado Ubicación Sala donde se ubica Nombre de la colección Fecha de adquisición o compra Fuente de adquisición Costo, precio normal en soles Signatura topográfica Código de Barras Última vez visto (Koha) Tipo de ítem (Koha)
No     Sala Ciencias Sala Ciencias Book Cart 2026-04-28 Donación 80.00 618.2 / P13 SC0000002483 2026-04-28 Libros-BMC
No     Sala Ciencias Sala Ciencias Book Cart 2026-04-28 Donación 80.00 618.2 / P13 / e.2 SC0000002484 2026-04-28 Libros-BMC

Powered by Koha